Sheffield United most expensive signings - Statistics

General Stats
  • This quiz has been taken 33 times
  • The average score is 6 of 10
Answer Stats
Signed from Season Fee (€) Player % Correct
Liverpool 20/21 26 million Rhian Brewster
96%
Genk 19/20 25 million Sander Berge
71%
Aston Villa 23/24 21.55 million Cameron Archer
68%
Swansea City 19/20 19.1 million Ollie McBurnie
68%
Coventry City 23/24 17.3 million Gustavo Hamer
64%
Bournemouth 20/21 20.5 million Aaron Ramsdale
54%
Lommel SK 23/24 12.5 million Vinícius Souza
46%
Bournemouth 19/20 11.1 million Lys Mousset
39%
Preston North End 19/20 7.8 million Callum Robinson
32%
West Bromwich Albion 20/21 6.5 million Oliver Burke
32%
No matching quizzes found
Score Distribution
Percent of People with Each Score
Percentile by Number Answered
Your Score History
You have not taken this quiz